000 03559cam a22012614i 4500
003 PE-LiUPU
005 20250813185424.0
008 180913s2018 pe a r 000 0 spa d
020 _a9786124728198
035 _a(Sirsi) a250043
040 _aPE-LiUPU
_bspa
_cPE-LiUPU
_erda
049 _aPRUA
082 0 4 _a338.47677
_bV41
_220
100 1 _aVelarde Oliart, Miguel Eduardo,
_eautor.
245 1 0 _aFábrica de Hilados y Tejidos de Lana Lucre :
_btextiles en la historia /
_cMiguel Eduardo Velarde Oliart.
250 _aPrimera edición.
264 1 _aCusco :
_bUniversidad Andina del Cusco, Vicerrectorado de Investigación,
_c2018.
300 _a867 páginas :
_bilustraciones ;
_c24 centímetros
336 _atext
_2rdacontent
337 _aunmediated
_2rdamedia
338 _avolume
_2rdacarrier
504 _aBibliografía : páginas 843-867.
505 _aTextilería en el periodo precolombino -- Textilería en el periodo incaico -- Textilería en el periodo colonial -- Contexto inicial del periodo colonial -- Industria textil en el periodo colonial -- Contexto en el periodo colonial -- Textilería en el periodo republicano -- Contexto inicial del periodo republicano -- Industria textil en el periodo republicano -- Contexto del periodo republicano.
526 _aP202
526 _aP201
526 _aP163
526 _aP162
526 _aP161
526 _aP160
526 _aP148
526 _aP147
526 _aP146
526 _aP145
526 _aP144
526 _aP143
526 _aP142
526 _aP141
526 _aP140
526 _aP139
526 _aP138
526 _aP137
526 _aP136
526 _aP135
526 _aP134
526 _aP133
526 _aP129
526 _aP128
526 _aP127
526 _aP120
526 _aP119
526 _aP118
526 _aP116
526 _aP115
526 _aP114
526 _aP110
526 _aP109
526 _aP108
526 _aP104
526 _aP103
526 _aP102
526 _aP99
526 _aP98
526 _aP97
526 _aP96
526 _aP95
526 _aP93
526 _aP90
526 _aP89
526 _aP88
526 _aP83
526 _aP82
526 _aP62
526 _aP59
526 _aP58
526 _aP57
526 _aP51
526 _aP49
526 _aP48
526 _aP47
526 _aP29
526 _aP24
526 _aP20
526 _aP19
526 _aP17
526 _aP15
526 _aP14
526 _aP12
526 _aP10
526 _aP09
526 _aP08
526 _aP07
526 _aP06
526 _aP05
526 _aP04
526 _aP01
610 2 _aFábrica de Hilados y Tejidos de Lana Lucre (Cusco).
650 2 4 _aIndustria textil
_xHistoriaz
_zPerú
_zLucre (Cusco).
650 2 4 _aFibras textiles
_zPerú
_zLucre (Cusco).
650 2 4 _aFibras animales
_zPerú
_zLucre (Cusco).
650 0 4 _aArte textil
_zPerú
_zLucre (Cusco).
710 2 _aUniversidad Andina del Cusco.
_bVicerrectorado de Investigación.
910 _adbm
_bcsm
_ccsm
_d20180913
942 _2ddc
_cBOOK
994 _aC0
_bPEPRU
596 _a1
999 _a338.47677 V41
_wDEWEY
_c29562
_i79138
_f2021-11-8
_g4
_lCCODEBUL1
_mBUL
_p20.00
_r0
_sY
_tBOOK
_u2018-9-13
_xEDUCACION
_zUNKNOWN
_0COMPRA
_o.STAFF. Colección Ciencias Humanas y Educación
_d29562
980 _81
_gALBERTO SANCHEZ Responsable de Automatización